[Event "27. Schweinfurt Open"]
[Site "Schweinfurt"]
[Date "2017.06.15"]
[Round "2.27"]
[White "Lukas, Cornelia"]
[Black "Hüttinger, Siegfried"]
[Result "0-1"]
[WhiteElo "779"]
[BlackElo "1469"]
[PlyCount "64"]
[EventDate "2017.??.??"]
[WhiteTeam "SK Schweinfurt"]
[BlackTeam "SC KS Alzenau"]

1. e4 c5 2. d4 cxd4 3. Qxd4 Nc6 4. Qd2 e5 5. Nc3 Nf6 6. Bc4 Bb4 7. a3 Ba5 8.
Nf3 O-O 9. O-O Nxe4 10. Qd3 Nxc3 11. bxc3 h6 12. Re1 d6 13. Bb3 Qf6 14. Bd2 Bf5
15. Qe2 Rac8 16. Ba2 Bxc2 17. c4 Bxd2 18. Qxd2 Bh7 19. Rac1 e4 20. Nh4 Qxh4 21.
g3 Qf6 22. Rcd1 Rcd8 23. Qf4 Ne5 24. Kf1 Nf3 25. Re2 Nxh2+ 26. Ke1 Qc3+ 27.
Red2 Nf3+ 28. Ke2 Nxd2 29. Qxd2 Qf3+ 30. Ke1 Rfe8 31. Qa5 e3 32. Qd5 Qxf2# 0-1

[Event "27. Schweinfurt Open"]
[Site "Schweinfurt"]
[Date "2017.06.16"]
[Round "3.1"]
[White "Helm, Timo"]
[Black "von Zimmermann, Georg"]
[Result "1-0"]
[WhiteElo "2015"]
[BlackElo "2111"]
[PlyCount "81"]
[EventDate "2017.??.??"]
[WhiteTeam "SC Bad Königshofen"]
[BlackTeam "MSA Zugzwang"]

1. e4 c5 2. Nc3 Nc6 3. f4 g6 4. Nf3 Bg7 5. g3 d6 6. Bg2 e5 7. fxe5 dxe5 8. d3
Nge7 9. O-O O-O 10. Be3 Nd4 11. Qd2 Bg4 12. Rf2 Qd7 13. Raf1 Rad8 14. Bh6 f6
15. Bxg7 Kxg7 16. Ne1 c4 17. Nd5 Nxd5 18. exd5 cxd3 19. Nxd3 b6 20. c4 Rde8 21.
b4 e4 22. Nf4 e3 23. Qxd4 exf2+ 24. Qxf2 g5 25. h3 gxf4 26. hxg4 Qxg4 27. Qxf4
Qxf4 28. gxf4 Re2 29. Rc1 Kf7 30. Kf1 Rxa2 31. c5 Ke7 32. Re1+ Kd8 33. d6 Rd2
34. Re7 bxc5 35. bxc5 Re8 36. Rxa7 Ree2 37. Bh3 Ra2 38. Rxa2 Rxa2 39. c6 Ra1+
40. Ke2 Ra2+ 41. Kd1 1-0

[Event "27. Schweinfurt Open"]
[Site "Schweinfurt"]
[Date "2017.06.16"]
[Round "3.2"]
[White "Weise, Martin"]
[Black "Helgert, Johannes"]
[Result "1/2-1/2"]
[WhiteElo "2109"]
[BlackElo "2045"]
[PlyCount "73"]
[EventDate "2017.??.??"]
[WhiteTeam "SC Fulda"]
[BlackTeam "SV Würzburg"]

1. Nf3 e6 2. c4 Nf6 3. e3 b6 4. b3 Bb7 5. Bb2 Be7 6. Nc3 O-O 7. Be2 c5 8. O-O
Nc6 9. d4 cxd4 10. Nxd4 a6 11. Rc1 Rc8 12. Bf3 Na5 13. Bxb7 Nxb7 14. Qf3 Nc5
15. Rfd1 Qc7 16. Nde2 Qb7 17. Qxb7 Nxb7 18. Na4 b5 19. Nb6 Rcd8 20. Bxf6 gxf6
21. Nxd7 Rfe8 22. c5 Nxc5 23. Nxc5 Rxd1+ 24. Rxd1 Bxc5 25. g4 Kf8 26. Rc1 Bb6
27. Rc6 Rb8 28. Ng3 Ke7 29. Kg2 Kd7 30. Rc2 Rg8 31. Kf3 Bd8 32. Ne4 Be7 33.
Nc5+ Bxc5 34. Rxc5 Rg5 35. Rxg5 fxg5 36. Ke4 a5 37. Kd4 1/2-1/2

[Event "27. Schweinfurt Open"]
[Site "Schweinfurt"]
[Date "2017.06.16"]
[Round "3.3"]
[White "Kuhn, Norbert"]
[Black "Reinl, Fred"]
[Result "1-0"]
[WhiteElo "2059"]
[BlackElo "1981"]
[PlyCount "69"]
[EventDate "2017.??.??"]
[WhiteTeam "SV Würzburg"]
[BlackTeam "SK Schweinfurt"]

1. e4 d6 2. d4 g6 3. Nc3 Bg7 4. f4 Nd7 5. Nf3 Ngf6 6. e5 Ng4 7. Bc4 Nb6 8. Bb3
d5 9. h3 Nh6 10. g4 e6 11. Qd3 Qe7 12. Be3 Bd7 13. O-O-O O-O-O 14. f5 Qb4 15.
Qd2 Ng8 16. f6 Bf8 17. h4 h6 18. Qd3 Nc4 19. Bxc4 dxc4 20. Qe2 Bc6 21. Rhf1 b5
22. d5 exd5 23. Nd4 Be8 24. Bd2 Qa5 25. Kb1 b4 26. e6 Bc5 27. exf7 Bxf7 28. Nc6
Qb6 29. Nxd8 Kxd8 30. Nxd5 Bxd5 31. Bxb4 Qd6 32. Bxc5 Qxc5 33. Qe5 c6 34. f7
Qf8 35. Qxh8 1-0

[Event "27. Schweinfurt Open"]
[Site "Schweinfurt"]
[Date "2017.06.16"]
[Round "3.4"]
[White "Maar, Samuel"]
[Black "Boß, Rolf"]
[Result "0-1"]
[WhiteElo "2048"]
[BlackElo "1969"]
[PlyCount "104"]
[EventDate "2017.??.??"]
[WhiteTeam "Bad Emstal"]
[BlackTeam "(vls) Bamberg"]

1. e4 e6 2. d4 d5 3. Nd2 c5 4. exd5 Qxd5 5. Ngf3 cxd4 6. Bc4 Qd6 7. O-O Nf6 8.
Nb3 Nc6 9. Nbxd4 Nxd4 10. Qxd4 Qxd4 11. Nxd4 a6 12. Bf4 b5 13. Be2 Bb7 14. Rad1
Bc5 15. Nb3 Bb6 16. c4 bxc4 17. Bxc4 Rc8 18. Bd3 O-O 19. Bd6 Rfd8 20. Be7 Rd5
21. Kh1 Rc7 22. Bxf6 gxf6 23. f3 Rcd7 24. Bc2 Rxd1 25. Rxd1 Rxd1+ 26. Bxd1 Bd5
27. g4 Kg7 28. Kg2 h5 29. gxh5 Kh6 30. Bc2 Kxh5 31. Nd2 f5 32. b3 a5 33. Bd3
Kg5 34. Nc4 Bc7 35. Ne3 Bb7 36. a4 Kf4 37. Nc4 Bxf3+ 38. Kf2 Bb7 39. Be2 e5 40.
h4 e4 41. Bh5 Bd5 42. Ke2 Be6 43. Kf2 Bd8 44. Nd6 Bxb3 45. Bxf7 Bxf7 46. Nxf7
Bxh4+ 47. Ke2 Be7 48. Kf2 e3+ 49. Ke1 Ke4 50. Kf1 f4 51. Nh6 f3 52. Ng4 e2+ 0-1

[Event "27. Schweinfurt Open"]
[Site "Schweinfurt"]
[Date "2017.06.16"]
[Round "3.5"]
[White "Roth, Jakob"]
[Black "Seidens, Udo"]
[Result "0-1"]
[WhiteElo "1847"]
[BlackElo "2223"]
[PlyCount "84"]
[EventDate "2017.??.??"]
[WhiteTeam "Spvgg Stetten"]
[BlackTeam "SK Schweinfurt"]

1. d4 Nf6 2. c4 e6 3. Nc3 Bb4 4. e3 d5 5. Nf3 O-O 6. Bd3 c5 7. a3 Bxc3+ 8. bxc3
dxc4 9. Bxc4 Qc7 10. Qe2 b5 11. Bxb5 cxd4 12. O-O dxc3 13. e4 Bb7 14. Bd3 Nbd7
15. Bg5 h6 16. Bh4 e5 17. Rac1 Rfc8 18. Nd2 Qd6 19. Nb1 Nc5 20. Rfd1 Nb3 21.
Rxc3 Nd4 22. Qb2 Bc6 23. f3 Rcb8 24. Qd2 Ba4 25. Re1 Rb7 26. Rc4 Rab8 27. Rxa4
Rxb1 28. Rxb1 Rxb1+ 29. Kf2 Nb3 30. Qc3 Qb6+ 31. Ke2 Rb2+ 32. Qxb2 Nd4+ 33.
Qxd4 exd4 34. Rb4 Qd6 35. Bg3 Qe7 36. e5 g6 37. Rxd4 Nh5 38. Be1 Qxe5+ 39. Re4
Nf4+ 40. Kf1 Qg5 41. Rxf4 Qxf4 42. a4 Qxa4 0-1

[Event "27. Schweinfurt Open"]
[Site "Schweinfurt"]
[Date "2017.06.16"]
[Round "3.6"]
[White "Ziegler, Michael"]
[Black "Hohner, Karl-Heinz"]
[Result "1-0"]
[WhiteElo "2126"]
[BlackElo "1799"]
[PlyCount "41"]
[EventDate "2017.??.??"]
[WhiteTeam "SC Prichsenstadt"]
[BlackTeam "(vls) Stockheim Kronach"]

1. Nf3 Nf6 2. c4 c6 3. d4 d5 4. Qc2 e6 5. g3 Bd6 6. Bg2 Nbd7 7. Nbd2 O-O 8. O-O
Qe7 9. e4 Nxe4 10. Nxe4 dxe4 11. Qxe4 f5 12. Qe2 e5 13. c5 Bc7 14. Bf4 Re8 15.
Rfe1 Ba5 16. Bd2 (16. b4 Bxb4 17. Qc4+ Qf7 18. Qxb4 exf4 19. Ng5 Rxe1+ 20. Rxe1
Qxa2 21. Bf1 Qc2 22. Qc4+ Qxc4 23. Bxc4+ Kf8 24. Nxh7#) 16... Bxd2 17. Nxd2 Qf7
18. Nc4 Qf8 19. Nd6 Re7 20. Qc4+ Kh8 21. dxe5 1-0

[Event "27. Schweinfurt Open"]
[Site "Schweinfurt"]
[Date "2017.06.16"]
[Round "3.7"]
[White "Müller, Lutz"]
[Black "Bräutigam, Thomas"]
[Result "0-1"]
[WhiteElo "2042"]
[BlackElo "2070"]
[PlyCount "118"]
[EventDate "2017.??.??"]
[WhiteTeam "SC Bad Königshofen"]
[BlackTeam "SV Würzburg"]

1. d4 Nf6 2. Nf3 d5 3. e3 c5 4. b3 Nc6 5. Bb2 Bg4 6. h3 Bh5 7. Be2 e6 8. O-O
cxd4 9. exd4 Bd6 10. c4 Rc8 11. Nc3 O-O 12. c5 Bb8 13. a3 a5 14. Nb5 Ne4 15.
Re1 Qf6 16. Nd6 Bxf3 17. Bxf3 Nxd6 18. cxd6 Bxd6 19. Qd3 Rc7 20. g3 Rfc8 21.
Bg2 Na7 22. Re2 Qg6 23. Qe3 Nb5 24. a4 Na7 25. h4 Nc6 26. Bf3 Nb4 27. Rd1 h6
28. h5 Qf5 29. Kg2 Rc2 30. Rdd2 Rxd2 31. Rxd2 Be7 32. Bd1 Qb1 33. Bc3 b6 34.
Bxb4 Bxb4 35. Qd3 Qxd3 36. Rxd3 Rc3 37. Rd2 Rxg3+ 38. Kxg3 Bxd2 39. Kf3 Kf8 40.
Ke2 Bb4 41. f4 Ke7 42. Ke3 Kf6 43. Bg4 Ba3 44. Bh3 Bc1+ 45. Kf3 g6 46. hxg6
fxg6 47. Bg4 h5 48. Bh3 Bd2 49. Bf1 g5 50. fxg5+ Bxg5 51. Bb5 Bc1 52. Be8 Bb2
53. Ke3 h4 54. Bh5 e5 55. dxe5+ Kxe5 56. Bf7 Ba3 57. Kf3 Kd4 58. Be6 Bd6 59.
Bh3 Kc3 0-1

[Event "27. Schweinfurt Open"]
[Site "Schweinfurt"]
[Date "2017.06.16"]
[Round "3.8"]
[White "Markert, Markus"]
[Black "Gehrig, Thomas"]
[Result "0-1"]
[WhiteElo "1998"]
[BlackElo "2051"]
[PlyCount "102"]
[EventDate "2017.??.??"]
[WhiteTeam "SK Bad Neustadt"]
[BlackTeam "SC Maßbach"]

1. d4 d5 2. Nf3 Nf6 3. Bf4 e6 4. e3 Be7 5. Bd3 Nbd7 6. c3 a6 7. Nbd2 Nh5 8. Bg3
f5 9. c4 Nxg3 10. hxg3 c6 11. Nh4 Nf6 12. c5 Qa5 13. Ng6 Rg8 14. Ne5 Bd7 15. a3
Qc7 16. b4 g6 17. Ndf3 Kf8 18. g4 Rg7 19. Nh4 Be8 20. gxf5 gxf5 21. Qc2 Kg8 22.
O-O-O a5 23. Qa4 b6 24. Nhf3 bxc5 25. bxc5 Rb8 26. Rdg1 Ne4 27. Qc2 Nf6 28. Nd2
h5 29. f3 Bd8 30. g4 fxg4 31. fxg4 h4 32. Ndf3 Qb7 33. Nxh4 Ne4 34. Nhf3 Qb3
35. Qxb3 Rxb3 36. Kc2 a4 37. Bxe4 dxe4 38. Nd2 Rxa3 39. Nec4 Rd3 40. Nxe4 Rb3
41. Ned2 Bg6+ 42. e4 Rb4 43. Kc3 Rgb7 44. Nd6 Rb8 45. Rb1 Ba5 46. Kc2 a3 47.
Rxb4 Rxb4 48. Kd3 Rb2 49. N6c4 Bxd2 50. Nxb2 axb2 51. Kc2 Bxe4+ 0-1

[Event "27. Schweinfurt Open"]
[Site "Schweinfurt"]
[Date "2017.06.16"]
[Round "3.9"]
[White "Golda, Harald"]
[Black "Wiener, Horst"]
[Result "1/2-1/2"]
[WhiteElo "2277"]
[BlackElo "1945"]
[PlyCount "86"]
[EventDate "2017.??.??"]
[WhiteTeam "SK Schweinfurt"]
[BlackTeam "SK Schweinfurt"]

1. d4 e6 2. Nf3 Nf6 3. c4 c5 4. d5 d6 5. Nc3 e5 6. e4 Be7 7. h3 Na6 8. Bd3 Nc7
9. O-O Bd7 10. a3 a6 11. b4 b6 12. Bc2 O-O 13. Rb1 Rb8 14. Be3 g6 15. a4 Nh5
16. a5 cxb4 17. Rxb4 bxa5 18. Rxb8 Qxb8 19. Nxe5 dxe5 20. d6 Bxd6 21. Qxd6 Be6
22. Rb1 Qc8 23. Qxe5 Bxc4 24. Bd1 Re8 25. Qxa5 Nb5 26. Bxh5 gxh5 27. Rd1 f6 28.
Nxb5 axb5 29. Rd6 Kf7 30. Qa7+ Re7 31. Qd4 Re6 32. Rd7+ Re7 33. Rd8 Qe6 34. f3
Qe5 35. Rd6 Qxd4 36. Bxd4 Re6 37. Rd7+ Re7 38. Rd8 Rb7 39. Rd6 Be6 40. f4 Rd7
41. Rxd7+ Bxd7 42. Kf2 f5 43. exf5 Bxf5 1/2-1/2

[Event "27. Schweinfurt Open"]
[Site "Schweinfurt"]
[Date "2017.06.16"]
[Round "3.10"]
[White "Brux, Jürgen"]
[Black "Gould, Charles"]
[Result "1-0"]
[WhiteElo "1743"]
[BlackElo "2019"]
[PlyCount "59"]
[EventDate "2017.??.??"]
[WhiteTeam "DT Männerstadt"]
[BlackTeam "SV Würzburg"]

1. d4 d6 2. c4 g6 3. Nf3 Nf6 4. g3 Bg7 5. Bg2 c5 6. dxc5 Qa5+ 7. Nbd2 Qxc5 8.
O-O Nc6 9. a3 O-O 10. b4 Qh5 11. Bb2 Bh3 12. e3 Rad8 13. Qc2 Ne5 14. Bxe5 dxe5
15. e4 Ng4 16. Rad1 f5 17. c5 Kh8 18. b5 Bh6 19. Nc4 Rxd1 20. Rxd1 fxe4 21.
Qxe4 Nxh2 22. Qxe5+ Qxe5 23. Nfxe5 Bg4 24. Nxg4 Nxg4 25. f4 Rc8 26. c6 bxc6 27.
bxc6 Nf6 28. Ne5 g5 29. fxg5 Bxg5 30. Nf7+ 1-0

[Event "27. Schweinfurt Open"]
[Site "Schweinfurt"]
[Date "2017.06.16"]
[Round "3.11"]
[White "Diller, Peter"]
[Black "Leichum, Engelbert"]
[Result "1-0"]
[WhiteElo "1971"]
[BlackElo "1688"]
[PlyCount "57"]
[EventDate "2017.??.??"]
[WhiteTeam "SK Rothenburg"]
[BlackTeam "(vls) Frankfurt"]

1. e4 d5 2. e5 f6 3. f4 e6 4. Nf3 Nd7 5. d4 c5 6. c3 cxd4 7. cxd4 Ne7 8. Nc3
Ng6 9. Bd3 Bb4 10. O-O f5 11. Bd2 Bxc3 12. bxc3 Nb6 13. Ng5 h6 14. Bb5+ Bd7 15.
Nxe6 Qc8 16. Bxd7+ Qxd7 17. Nc5 Qc6 18. Qh5 O-O-O 19. Qxf5+ Kb8 20. Rab1 Rhf8
21. Qd3 Ne7 22. a4 Rd7 23. e6 Rc7 24. f5 Nec8 25. Qb5 Ne7 26. Bf4 Rfc8 27. a5
Nc4 28. Qxb7+ Qxb7 29. Rxb7+ 1-0

[Event "27. Schweinfurt Open"]
[Site "Schweinfurt"]
[Date "2017.06.16"]
[Round "3.12"]
[White "Feichtner, Erich"]
[Black "Grasmik, Waldemar"]
[Result "1-0"]
[WhiteElo "1929"]
[BlackElo "1571"]
[PlyCount "27"]
[EventDate "2017.??.??"]
[WhiteTeam "SK Schweinfurt"]
[BlackTeam "(vls) Bad Kissingen"]

1. d4 e5 2. dxe5 Nc6 3. Nf3 Qe7 4. Nc3 Nxe5 5. e4 Nxf3+ 6. Qxf3 c6 7. Be3 b5 8.
Bd3 h6 9. O-O Nf6 10. e5 Ng8 11. Nxb5 Qd8 12. Bc4 f6 13. Qh5+ Ke7 14. Qf7# 1-0

[Event "27. Schweinfurt Open"]
[Site "Schweinfurt"]
[Date "2017.06.16"]
[Round "3.13"]
[White "Schwarz, Dominik"]
[Black "Krenz, Dieter"]
[Result "0-1"]
[WhiteElo "1564"]
[BlackElo "1902"]
[PlyCount "74"]
[EventDate "2017.??.??"]
[WhiteTeam "SC Prichsenstadt"]
[BlackTeam "SC Prichsenstadt"]

1. d4 d5 2. Nf3 Nf6 3. Bf4 e6 4. e3 Be7 5. c3 O-O 6. Nbd2 b6 7. Bd3 c5 8. Ne5
Ba6 9. Qe2 Bxd3 10. Qxd3 Nfd7 11. Ndf3 Nxe5 12. Nxe5 f6 13. Nf3 Nc6 14. O-O Bd6
15. Bxd6 Qxd6 16. Rfe1 Rad8 17. Rad1 Rfe8 18. e4 dxe4 19. Qxe4 e5 20. d5 Ne7
21. c4 g6 22. Nh4 Kg7 23. Re3 Rf8 24. b3 Rde8 25. Rde1 Rf7 26. Rg3 Rg8 27. Nf5+
Nxf5 28. Qxf5 Kh8 29. Qe4 Re8 30. Rge3 f5 31. Qd3 Rfe7 32. Qd2 Kg8 33. h4 Rf7
34. Rg3 Rg7 35. Qg5 Rf8 36. h5 f4 37. h6 fxg3 0-1

[Event "27. Schweinfurt Open"]
[Site "Schweinfurt"]
[Date "2017.06.16"]
[Round "3.14"]
[White "Blank, Stefan"]
[Black "Bardorz, Jana"]
[Result "1-0"]
[WhiteElo "1880"]
[BlackElo "1540"]
[PlyCount "85"]
[EventDate "2017.??.??"]
[WhiteTeam "SC Sulzbach"]
[BlackTeam "TSV Rottendorf"]

1. e4 e5 2. Nf3 Nc6 3. d3 Nf6 4. Be2 d5 5. Nbd2 Bc5 6. O-O O-O 7. c3 a5 8. b3
Re8 9. Qc2 Bb6 10. Bb2 h6 11. h3 Be6 12. Rfe1 Qd6 13. exd5 Bxd5 14. Ne4 Bxe4
15. dxe4 Nh5 16. Bf1 Qg6 17. Kh2 Rad8 18. Nh4 Qg5 19. Nf3 Qf4+ 20. Kh1 Rd6 21.
Bc1 Qf6 22. Ba3 Rd7 23. Bb5 Red8 24. Bxc6 bxc6 25. c4 Bd4 26. Nxd4 Rxd4 27. Bc5
Rd2 28. Qc3 R8d3 29. Qc1 Rd7 30. Be3 R2d3 31. Qc2 Nf4 32. Rad1 Qd8 33. Rxd3
Rxd3 34. Kh2 Qd6 35. g3 Ne6 36. Kg2 f6 37. Re2 Qd7 38. Rd2 Rxd2 39. Qxd2 Qf7
40. Qxa5 Qg6 41. Qa8+ Kh7 42. f3 Qe8 43. Qxe8 1-0

[Event "27. Schweinfurt Open"]
[Site "Schweinfurt"]
[Date "2017.06.16"]
[Round "3.15"]
[White "Hüttinger, Siegfried"]
[Black "Bardorz, Christoph"]
[Result "0-1"]
[WhiteElo "1469"]
[BlackElo "1870"]
[PlyCount "100"]
[EventDate "2017.??.??"]
[WhiteTeam "SC KS Alzenau"]
[BlackTeam "TSV Rottendorf"]

1. c4 e5 2. Nc3 Nc6 3. g3 g6 4. Bg2 Bg7 5. e3 f5 6. Nge2 d6 7. O-O Nf6 8. a3 a5
9. d4 e4 10. f3 exf3 11. Bxf3 O-O 12. Nd5 Ne7 13. Nxf6+ Bxf6 14. Nf4 c6 15. Qb3
Rb8 16. Bd2 Bd7 17. Rae1 Kg7 18. Bc3 b5 19. cxb5 Rxb5 20. Qc2 d5 21. b4 axb4
22. Bxb4 Re8 23. Qd2 Nc8 24. a4 Rb8 25. a5 Be7 26. Bc3 Nd6 27. Qa2 Nc4 28. Kf2
Bd6 29. Re2 Ra8 30. Ra1 Bc8 31. Qa4 Qc7 32. Nd3 Ba6 33. Nc5 Bb5 34. Qa2 Ra7 35.
a6 Kf7 36. Nb7 Rxa6 37. Nxd6+ Nxd6 38. Bxd5+ cxd5 39. Qxd5+ Re6 40. Rxa6 Bxa6
41. Rc2 Ne4+ 42. Kg2 Nxc3 43. Qb3 Qb7+ 44. Qxb7+ Bxb7+ 45. Kf2 Ne4+ 46. Kg1 Rc6
47. Rb2 Rc7 48. Rb6 Ke7 49. Rb5 Rc1+ 50. Kg2 Nd6+ 0-1

[Event "27. Schweinfurt Open"]
[Site "Schweinfurt"]
[Date "2017.06.16"]
[Round "3.16"]
[White "Hertkorn, Dieter"]
[Black "Brodt, Andreas"]
[Result "1-0"]
[WhiteElo "1454"]
[BlackElo "1839"]
[PlyCount "103"]
[EventDate "2017.??.??"]
[WhiteTeam "(vls) Ulm"]
[BlackTeam "SK Schweinfurt"]

1. e4 c5 2. d4 cxd4 3. c3 g6 4. cxd4 Nf6 5. Nc3 a6 6. Nf3 d5 7. e5 Ne4 8. Bd3
Nxc3 9. bxc3 Bg7 10. O-O O-O 11. Qc2 f5 12. Bf4 e6 13. Bg5 Qe8 14. Qd2 Rf7 15.
Qf4 Qf8 16. Nh4 Rc7 17. Rfc1 Bd7 18. Bf6 Be8 19. Bxg7 Qxg7 20. Qg5 Nd7 21. Nf3
h6 22. Qd2 g5 23. c4 dxc4 24. Bxc4 Nf8 25. Bb3 Rac8 26. Rxc7 Rxc7 27. Qb4 g4
28. Nd2 b5 29. Qd6 Rc6 30. Qb4 Qc7 31. Re1 Qa7 32. d5 Rb6 33. dxe6 Nxe6 34. Qf4
Qh7 35. Qe3 Rc6 36. Bd5 Qd7 37. Bxc6 Qxc6 38. Qxh6 Qd5 39. a3 Bc6 40. f3 Ng7
41. Qe3 Ne6 42. Kf2 f4 43. Qc3 gxf3 44. gxf3 Ng5 45. Rg1 Qd8 46. h4 Qb6+ 47.
Kf1 b4 48. Rxg5+ Kh8 49. Qb3 Qb5+ 50. Qc4 bxa3 51. Qxb5 Bxb5+ 52. Kf2 1-0

[Event "27. Schweinfurt Open"]
[Site "Schweinfurt"]
[Date "2017.06.16"]
[Round "3.17"]
[White "Müller, Gerhard"]
[Black "Kwossek, Martin"]
[Result "0-1"]
[WhiteElo "1827"]
[BlackElo "1632"]
[PlyCount "136"]
[EventDate "2017.??.??"]
[WhiteTeam "SC Bad Königshofen"]
[BlackTeam "SC Kitzingen"]

1. e4 c5 2. Nf3 d6 3. d4 cxd4 4. Nxd4 Nf6 5. Nc3 a6 6. Bd3 e6 7. O-O Be7 8. Be3
O-O 9. Nb3 Nc6 10. f4 Qc7 11. a3 b5 12. Rf3 Ng4 13. Qd2 Bb7 14. Rg3 Nxe3 15.
Qxe3 Bf6 16. Rh3 g6 17. f5 Bxc3 18. bxc3 f6 19. fxg6 hxg6 20. Rh6 Ne5 21. Qh3
Qg7 22. Nd4 Nf7 23. Rh4 Ng5 24. Qg4 Bc8 25. e5 dxe5 26. Nc6 e4 27. Be2 Bd7 28.
Ne5 Be8 29. a4 Qc7 30. Qg3 Qxe5 31. Qxe5 fxe5 32. Rg4 Nh7 33. axb5 Nf6 34. Rg5
Bxb5 35. c4 Be8 36. Rxe5 Kf7 37. g4 Bc6 38. Rc5 Rfc8 39. Rf1 Ke7 40. Rg5 Be8
41. c5 Nd5 42. c4 Nc3 43. Re1 Kf6 44. h4 e5 45. Bf1 Rxc5 46. Re3 Na4 47. Rxe4
Nb6 48. Re3 Bf7 49. Rf3+ Ke7 50. Bd3 Rg8 51. Re3 Kf6 52. Be2 Nxc4 53. Rd3 Ke7
54. Rb3 Rc7 55. Kg2 a5 56. Rb5 Kd6 57. Bxc4 Rxc4 58. Rbxe5 a4 59. Ra5 Rgc8 60.
Ra6+ R8c6 61. Rxc6+ Kxc6 62. h5 gxh5 63. gxh5 Rh4 64. Kg3 Rxh5 65. Rg7 Rf5 66.
Kg4 Rf1 67. Rh7 a3 68. Rh6+ Kb5 0-1

[Event "27. Schweinfurt Open"]
[Site "Schweinfurt"]
[Date "2017.06.16"]
[Round "3.18"]
[White "Orf, Niklas"]
[Black "Heller, Thomas"]
[Result "0-1"]
[WhiteElo "950"]
[BlackElo "1783"]
[PlyCount "222"]
[EventDate "2017.??.??"]
[WhiteTeam "SK Bad Neustadt"]
[BlackTeam "SV Bergtheim"]

1. d4 d5 2. Bf4 Nf6 3. e3 g6 4. Nc3 c6 5. h3 e6 6. Nf3 Bg7 7. Bd3 O-O 8. Qe2 a6
9. a3 Nbd7 10. Bh2 c5 11. b3 Re8 12. Ne5 b5 13. Qd2 c4 14. Be2 Nxe5 15. dxe5
Nd7 16. f4 cxb3 17. cxb3 Nc5 18. Rb1 Bb7 19. b4 Nd7 20. O-O Nb6 21. Rfe1 Qd7
22. Kh1 Rac8 23. Rbc1 Red8 24. Bg1 Nc4 25. Bxc4 Rxc4 26. Na2 Qc8 27. Red1 Re8
28. Qd3 Re7 29. Rc3 Rxc3 30. Nxc3 Rc7 31. Ne2 Rc4 32. Qb3 Bf8 33. Nd4 Be7 34.
Bf2 Kg7 35. g4 Qd8 36. g5 Qe8 37. Kg2 Bc8 38. Rd3 Bd7 39. Kf3 Qa8 40. Be1 h6
41. h4 hxg5 42. hxg5 Qh8 43. Kg3 Qh1 44. Bf2 Rc1 45. Ne2 Rc4 46. Nd4 Qh5 47.
Qb2 Bd8 48. Qe2 Qxe2 49. Nxe2 a5 50. Rb3 axb4 51. axb4 Kf8 52. Kf3 Be7 53. Be1
Bd8 54. Bf2 Bb6 55. Nd4 Ke7 56. Kg4 Kd8 57. Kf3 Rc1 58. Ra3 Bxd4 59. exd4 Rb1
60. Ra8+ Ke7 61. Rb8 Rxb4 62. Ke3 Rb3+ 63. Kd2 Ra3 64. Kc1 Bc6 65. Kb2 Rf3 66.
Be1 Rxf4 67. Bb4+ Kd7 68. Bc5 Rf3 69. Kc2 Rf2+ 70. Kc3 Rf1 71. Kc2 Rf5 72. Rf8
Bb7 73. Rb8 Bc8 74. Rxb5 Rxg5 75. Rb3 Rg2+ 76. Kd1 Rf2 77. Ke1 Rf5 78. Ke2 Ba6+
79. Kd2 Rf1 80. Rg3 Rf2+ 81. Ke3 Rf5 82. Kd2 Kc6 83. Kc3 Kb5 84. Kb3 Rf2 85.
Kc3 Ka4 86. Bb4 Bc4 87. Be7 Be2 88. Rg1 Rf3+ 89. Kd2 Bd3 90. Rg4 Kb3 91. Rh4
Bf5 92. Bf6 Kc4 93. Ke2 Rh3 94. Rf4 Rg3 95. Kf2 Rd3 96. Bg5 Rxd4 97. Rxd4+ Kxd4
98. Bf6 Kd3 99. Kf3 d4 100. Bg5 Kc2 101. Kf2 d3 102. Ke1 Kc3 103. Kd1 Kd4 104.
Bf6 Ke4 105. Ke1 Kf4 106. Kd2 g5 107. Bxg5+ Kxg5 108. Ke3 Kg4 109. Kd2 Kf3 110.
Ke1 Ke3 111. Kd1 Bg4+ 0-1

[Event "27. Schweinfurt Open"]
[Site "Schweinfurt"]
[Date "2017.06.16"]
[Round "3.19"]
[White "Englert, Fred"]
[Black "Kühler, Michael"]
[Result "1-0"]
[WhiteElo "1781"]
[BlackElo "1229"]
[PlyCount "103"]
[EventDate "2017.??.??"]
[WhiteTeam "SK Klingenberg"]
[BlackTeam "SC Prichsenstadt"]

1. c4 Nf6 2. g3 e6 3. Bg2 d5 4. Nf3 b6 5. Ne5 Bb7 6. O-O Bd6 7. Qa4+ c6 8. d4
Qc7 9. Nd3 Nbd7 10. cxd5 cxd5 11. Bf4 O-O 12. Rc1 Qb8 13. Nc3 Bxf4 14. Nxf4 Rc8
15. b4 Rc7 16. b5 Qc8 17. Qb3 Ne4 18. Bxe4 dxe4 19. e3 Nf6 20. Nce2 Nd5 21.
Rxc7 Qxc7 22. Rc1 Qd7 23. a4 Rc8 24. Rc2 Rc7 25. Rxc7 Qxc7 26. Kg2 Nxf4+ 27.
Nxf4 h6 28. Qb4 a6 29. h4 axb5 30. axb5 Qc8 31. Qd6 e5 32. dxe5 Qc5 33. Qb8+
Qc8 34. Qxc8+ Bxc8 35. Nd5 Bd7 36. Nxb6 Bxb5 37. g4 Be2 38. Kg3 Kf8 39. Nd7+
Ke7 40. Nc5 Bd3 41. Kf4 Be2 42. Nxe4 Ke6 43. Nc3 Bc4 44. Ne4 Kd5 45. Nd6 Kc5
46. Nxc4 Kxc4 47. Ke4 Kc5 48. f4 Kc6 49. h5 Kd7 50. Kd5 Ke7 51. f5 f6 52. e6
1-0

[Event "27. Schweinfurt Open"]
[Site "Schweinfurt"]
[Date "2017.06.16"]
[Round "3.20"]
[White "Langguth, Rolf"]
[Black "Ley, Reinhard"]
[Result "1-0"]
[WhiteElo "1947"]
[BlackElo "1714"]
[PlyCount "67"]
[EventDate "2017.??.??"]
[WhiteTeam "SK Schweinfurt"]
[BlackTeam "SV Siershahn"]

1. d4 d5 2. Nf3 Nf6 3. c4 e6 4. Nc3 c6 5. Bg5 Bd6 6. e4 dxe4 7. Nxe4 Qa5+ 8.
Bd2 Bb4 9. Nxf6+ gxf6 10. Qb3 Bxd2+ 11. Nxd2 Nd7 12. c5 f5 13. O-O-O b5 14. Bd3
Nf6 15. Rhe1 f4 16. Bb1 Bd7 17. Qf3 Qc7 18. Re5 Nd5 19. Ne4 Ke7 20. Nd6 Raf8
21. g3 fxg3 22. fxg3 Be8 23. Rde1 Kd8 24. Bc2 Qe7 25. Bb3 Bd7 26. Bxd5 cxd5 27.
Rxd5 Bc6 28. Nxf7+ Kc8 29. Rd8+ Kb7 30. Nd6+ Qxd6 31. Rxd6 Rxf3 32. Rexe6 Be8
33. Re7+ Kb8 34. Rd8# 1-0

[Event "27. Schweinfurt Open"]
[Site "Schweinfurt"]
[Date "2017.06.16"]
[Round "3.21"]
[White "Kaptan, Cagatay"]
[Black "Drewes, Thomas"]
[Result "1/2-1/2"]
[WhiteElo "1500"]
[BlackElo "1787"]
[PlyCount "55"]
[EventDate "2017.??.??"]
[WhiteTeam "(vls) Schweinfurt"]
[BlackTeam "SV Würzburg"]

1. Nf3 d5 2. d4 Nf6 3. c4 c6 4. cxd5 cxd5 5. Nc3 Nc6 6. e3 e6 7. Be2 Bd6 8. O-O
O-O 9. Bd2 Re8 10. Nb5 Bb8 11. Rc1 a6 12. Nc3 e5 13. dxe5 Nxe5 14. Qb3 b5 15.
Rfd1 Nc4 16. Be1 Qc7 17. g3 Bb7 18. Nd4 Ba7 19. a4 Bc6 20. Nxc6 Qxc6 21. axb5
axb5 22. Bf3 Rad8 23. Qxb5 Qxb5 24. Nxb5 Bb6 25. b3 Nxe3 26. fxe3 Bxe3+ 27. Bf2
Bxc1 28. Rxc1 1/2-1/2

[Event "27. Schweinfurt Open"]
[Site "Schweinfurt"]
[Date "2017.06.16"]
[Round "3.24"]
[White "Engelbrecht, Klaus"]
[Black "Memmel, Stefan"]
[Result "0-1"]
[WhiteElo "1596"]
[BlackElo "1240"]
[PlyCount "128"]
[EventDate "2017.??.??"]
[WhiteTeam "SK Bad Neustadt"]
[BlackTeam "SK Schweinfurt"]

1. d4 d5 2. Nf3 Nc6 3. Nc3 Bf5 4. a3 e6 5. e3 a6 6. Be2 Nf6 7. Nh4 Bg6 8. O-O
Ne4 9. Nxg6 Nxc3 10. bxc3 hxg6 11. f3 Qh4 12. h3 Qg3 13. Qe1 Rxh3 14. Qxg3 Rxg3
15. Kf2 Rg5 16. e4 Rh5 17. f4 Rh2 18. e5 Be7 19. Bf3 Kd7 20. Be3 Rah8 21. Ke2
f6 22. Kd3 Na5 23. Bg1 Rh1 24. g3 R1h3 25. Bf2 f5 26. a4 Nc4 27. Rab1 b6 28.
Bg2 Rh2 29. Rg1 Rb8 30. Be3 Rhh8 31. Bf3 b5 32. axb5 axb5 33. Bf2 Rhc8 34. g4
Bf8 35. Ke2 c6 36. gxf5 gxf5 37. Rg6 Re8 38. Rbg1 Re7 39. Bh4 Rf7 40. Bh5 b4
41. R6g2 g6 42. Rxg6 Rh7 43. R1g5 b3 44. cxb3 Rxb3 45. Kd3 Rb8 46. Rg8 Kc7 47.
Be1 Bh6 48. Rxb8 Bxg5 49. Rg8 Bxf4 50. Be2 Na3 51. Rg6 Rh3+ 52. Bg3 Rxg3+ 53.
Rxg3 Bxg3 54. Bh5 Nb5 55. Bf7 Kd7 56. Bh5 Be1 57. c4 Nc3 58. cxd5 cxd5 59. Bf3
Nb5 60. Bd1 Kc7 61. Ba4 Kb6 62. Bd1 Bc3 63. Be2 Bxd4 64. Bf3 Bxe5 0-1

[Event "27. Schweinfurt Open"]
[Site "Schweinfurt"]
[Date "2017.06.16"]
[Round "3.25"]
[White "Korff, Udo"]
[Black "Chen, Jiwei"]
[Result "1-0"]
[WhiteElo "1664"]
[BlackElo "954"]
[PlyCount "61"]
[EventDate "2017.??.??"]
[WhiteTeam "(vls) Pettstadt/Kirchlauter"]
[BlackTeam "SK Schweinfurt"]

1. d4 d5 2. c4 c6 3. Nc3 Nf6 4. Bg5 Nbd7 5. h3 h6 6. Bf4 Nb6 7. Qc2 g6 8. Be5
Bg7 9. e4 e6 10. exd5 cxd5 11. c5 Nbd7 12. Bb5 O-O 13. Bxd7 Bxd7 14. Nge2 Re8
15. O-O b6 16. b4 bxc5 17. bxc5 Rc8 18. a4 Nh5 19. Bxg7 Nxg7 20. Nb5 a6 21. Nd6
Qg5 22. Nxe8 Nxe8 23. Ng3 Nf6 24. Rae1 Bc6 25. Re5 Qh4 26. Qe2 Qxd4 27. Qxa6
Bd7 28. Ree1 Qxc5 29. Rb1 e5 30. Qxf6 e4 31. Qb6 1-0